000 00474nam a2200193Ia 4500
003 OSt
005 20260402101817.0
008 250729s2011 xx 000 0 und d
020 _a978-8131309568
040 _cAL
041 _aeng
082 _a370.15 AVDE
100 _aDr.Avdesh S Jha
_9230835
245 _aEducational psychology
260 _aNewdelhi
_bA P H Publishing Corporation
_c2011
300 _a289p
650 _aPsychology
_9230836
942 _2ddc
_cBED
999 _c238980
_d238980